000 00300nam a22001337a 4500
008 260324b ||||| |||| 00| 0 eng d
020 _a9789951053464
041 _aShqip
080 _a821.18
100 _a25
101 _aVjersha
245 _aBletëzat
_cDrenusha Zajmi- Hoxha
942 _2udc
_cBK
999 _c60925
_d60925